000 00722nam a22002417a 4500
001 82848
003 UA-OsUOA
005 20191227105445.0
007 ta
008 20120321b un ||||| |||| 00| 0 ukr d
040 _aUA-OsUOA
_bukr
_cUA-OsUOA
_dUA-OsUOA
041 _aukr
080 _a821.161.2
090 _a821.161.2
_bЛ93
100 _aЛюбомирський С.
245 _aДоба страхіть
_bроман
260 _aВінніпег
_c1953
300 _a365 с.
650 7 _a82 Література. Літературознавство
_2UDC
942 _cBK
_2udc
955 _a2
999 _c369162
_d369162